Thực trạng khả năng cảm thụ của trẻ mẫu giáo 5 – 6 tuổi thông qua hoạt động cho trẻ làm quen tác phẩm văn học
Nghiên cứu những vấn đề lí luận và thực tiễn liên quan đến đề tài. Nhận thức của giáo viên về vai trò của tác phẩm văn học, của hoạt động làm quen tác phẩm văn học đối với trẻ mẫu giáo 5 – 6 tuổi. Khả năng cảm thụ tác phẩm văn học của trẻ mẫu giáo 5 – 6 tuổi....
Salvato in:
| Autore principale: | |
|---|---|
| Altri autori: | |
| Natura: | Libro |
| Pubblicazione: |
Đà Nẵng
Đại học Sư phạm, Đại học Đà Nẵng
2013
|
| Soggetti: | |
| Tags: |
Aggiungi Tag
Nessun Tag, puoi essere il primo ad aggiungerne! !
|
| Thư viện lưu trữ: | Mạng thư viện Đại học Đà Nẵng |
|---|
| LEADER | 02083nam a2200373 4500 | ||
|---|---|---|---|
| 001 | 000018342 | ||
| 003 | 14771 | ||
| 005 | 20131016151009.0 | ||
| 008 | 131011s2013 sd | ||
| 082 | 1 | 4 | |a 372.64 |b NG-T |
| 100 | 1 | |a Nguyễn Phạm Phương Trúc | |
| 245 | 1 | |a Thực trạng khả năng cảm thụ của trẻ mẫu giáo 5 – 6 tuổi thông qua hoạt động cho trẻ làm quen tác phẩm văn học |c Nguyễn Phạm Phương Trúc ; Lê Thị Tấn hướng dẫn |k Khóa luận tốt nghiệp | |
| 260 | |a Đà Nẵng |b Đại học Sư phạm, Đại học Đà Nẵng |c 2013 | ||
| 300 | |a 76 tr., phụ lục 21 tr. |c 29 cm. | ||
| 500 | |a Khóa luận tốt nghiệp đại học. Chuyên ngành: Sư phạm Mầm Non | ||
| 504 | |a Mục lục đầu trang, tài liệu tham khảo tr. 73 - 74, phụ lục [13 tr.] | ||
| 520 | |a Nghiên cứu những vấn đề lí luận và thực tiễn liên quan đến đề tài. Nhận thức của giáo viên về vai trò của tác phẩm văn học, của hoạt động làm quen tác phẩm văn học đối với trẻ mẫu giáo 5 – 6 tuổi. Khả năng cảm thụ tác phẩm văn học của trẻ mẫu giáo 5 – 6 tuổi. | ||
| 600 | 1 | 4 | |b Vua |c Đinh Tiên Hoàng |
| 650 | 0 | 4 | |a Giáo dục mầm non |v Khóa luận tốt nghiệp |x Cảm thụ văn học |
| 650 | 0 | 4 | |a Giáo dục mầm non |v Khóa luận tốt nghiệp |x Phương pháp giảng dạy |
| 653 | |a Tác phẩm văn học | ||
| 653 | |a Khoa Tiểu học - Mầm non | ||
| 653 | |a Cảm thụ văn học | ||
| 700 | 1 | |a Lê Thị Tấn |e Hướng dẫn | |
| OWN | |a LSP | ||
| AVA | |a UDN50 |b LSP |d 372.64 NG-T |e available |t Error 5001 Not defined in file expand_doc_bib_avail. |f 1 |g 0 |h N |i 0 |k 1 | ||
| 999 | |a From the UDN01 | ||
| AVA | |a UDN50 |b LSP |d 372.64 NG-T |e available |t Error 5001 Not defined in file expand_doc_bib_avail. |f 1 |g 0 |h N |i 0 |k 1 | ||
| TYP | |a Monograph | ||
| TYP | |a Printed language | ||
| 980 | |a Mạng thư viện Đại học Đà Nẵng | ||